E.R. - Name the episode #6 - Statistics

General Stats
  • This quiz has been taken 5 times
  • The average score is 5 of 8
Answer Stats
Hint Answer % Correct
Carol Hathaway Great Expectations
100%
Chloe Lewis Motherhood
100%
Abby Lockhart Bloodline
50%
Carla Reese Make a Wish
50%
Makemba Midnight
50%
Sandy Lopez NICU
50%
Jing-Mei Chen The Greatest of Gifts
50%
Elizabeth Corday Sailing Away
25%
No matching quizzes found
Score Distribution
Percent of People with Each Score
Percentile by Number Answered
Your Score History
You have not taken this quiz